Orientación escolar y consulta psicopedagógica

Saved in:
Bibliografiske detaljer
Main Authors: Martínez González, María de Codés (autora), Alvarez González, Beatriz (Author)
Format: Bog
Sprog:spansk
Udgivet: Madrid Universidad Nacional de Educación a Distancia 2003
Serier:Guía Didáctica
Fag:
Tags: Tilføj Tag
Ingen Tags, Vær først til at tagge denne postø!

MARC

LEADER 00000nam a2200000 a 4500
001 UCH9501
003 CL-VaPUC
008 100114e20030000SP |||||||||||||||||spa|d
082 0 4 |a 371.42  |b MAR  |2 21 
100 |a Martínez González, María de Codés  |e autora  |9 546846 
700 0 |a Alvarez González, Beatriz  |e author  |9 546686 
245 1 0 |a Orientación escolar y consulta psicopedagógica 
300 |a 43 p 
942 |c BK 
945 |d 20100114 00:00:00  |a rbrito 
260 |a Madrid  |b Universidad Nacional de Educación a Distancia  |c 2003 
650 7 |a ORIENTACION EDUCACIONAL  |2 CL-VaPUC  |9 312512 
583 |a last modification  |c 20171005 02:30:28  |k Rodrigo Vera 
490 0 |a Guía Didáctica 
999 |c 339468  |d 339466 
952 |0 0  |1 0  |4 0  |6 371_420000000000000_MAR_2003  |7 0  |8 A  |9 433129  |a BIBEDU  |b BIBEDU  |d 2019-11-22  |i 4633601  |o 371.42 MAR 2003  |p 4633601  |r 2019-11-22  |w 2019-11-22  |y BK  |k EPE